ბათუმის შოთა რუსთაველის სახელმწიფო უნივერსიტეტის ბიბლიოთეკა

Хетты и их современники в Малой Азии / (ბიბ.ჩანაწერი № 61044)

000 -LEADER
fixed length control field 00619nam a22001457a 4500
005 - DATE AND TIME OF LATEST TRANSACTION
control field 20231212100547.0
008 - FIXED-LENGTH DATA ELEMENTS--GENERAL INFORMATION
fixed length control field 231212s1983 ru ||||| |||| 00| 0 rus d
080 ## - UNIVERSAL DECIMAL CLASSIFICATION NUMBER
Universal Decimal Classification number 94(394) M-15
100 ## - MAIN ENTRY--PERSONAL NAME
Personal name Маккуин, Дж. Г.
9 (RLIN) 20667
245 ## - TITLE STATEMENT
Title Хетты и их современники в Малой Азии /
Statement of responsibility, etc. Перевод с английского Ф.Л. Мендельсона.
264 ## - PRODUCTION, PUBLICATION, DISTRIBUTION, MANUFACTURE, AND COPYRIGHT NOTICE
Place of production, publication, distribution, manufacture М.:
Name of producer, publisher, distributor, manufacturer ГРВЛ,
Date of production, publication, distribution, manufacture, or copyright notice 1983.
300 ## - PHYSICAL DESCRIPTION
Extent 184 с.;
Other physical details 20 см.
653 ## - INDEX TERM--UNCONTROLLED
keyword ხეთები და მათი თანამედროვეები მცირე აზიაში
942 ## - ADDED ENTRY ELEMENTS (KOHA)
Source of classification or shelving scheme
Koha item type წიგნი
ეგზემპლარები
Withdrawn status Lost status Source of classification or shelving scheme Damaged status Not for loan Permanent Location Current Location Shelving location Date acquired Cost, normal purchase price Full call number Barcode Date last seen Copy number Uniform Resource Identifier Price effective from Koha item type Public note
          ბათუმის შოთა რუსთაველის სახელმწიფო უნივერსიტეტის მთავარი ბიბლიოთეკა ბათუმის შოთა რუსთაველის სახელმწიფო უნივერსიტეტის მთავარი ბიბლიოთეკა წიგნსაცავი 2023-12-12 5.00 94(394) M-15 65575 2023-12-12 65575 ბსუ-ს საპატიო დოქტორის გურამ ლორთქიფანიძის საჩუქარი 2023-12-12 წიგნი 5 ლ.